|
|
|
|
| LEADER |
00000cam a2200000 7i4500 |
| 001 |
0000140477 |
| 005 |
20210427.0 |
| 008 |
210427t2021 my a x 0 may d |
| 020 |
|
|
|a 9789670799902
|
| 040 |
|
|
|a PERPUSTAM
|b eng
|c PERPUSTAM
|e rda
|
| 090 |
0 |
0 |
|a 899.2333
|b AWA
|
| 100 |
0 |
|
|a Awanashaiza ,
|e author
|
| 245 |
1 |
0 |
|a SEBUAH PERSENGKETAAN
|c Awanashaiza
|
| 264 |
|
1 |
|a Petaling Jaya, Selangor :
|b EDDIPLEX SDN. BHD.
|c 2021
|
| 300 |
|
|
|a 132 pages ;
|c 19 cm.
|
| 336 |
|
|
|a text
|2 rdacontent
|
| 337 |
|
|
|a unmediated
|2 rdamedia
|
| 338 |
|
|
|a volume
|2 rdacarrier
|
| 490 |
1 |
|
|a SIRI NOVEL FIKIRAN POSITIF
|
| 650 |
1 |
0 |
|a Young adult fiction, Malay
|
| 650 |
2 |
0 |
|a Didactic fiction, Malay
|
| 650 |
2 |
0 |
|a Malay fiction
|
| 650 |
2 |
0 |
|a Teenagers
|v Fiction
|
| 830 |
|
0 |
|a Siri novel fikiran positif
|
| 999 |
|
|
|a 0000705845
|b Buku
|c Rak Terbuka
|e Perbadanan Perpustakaan Awam Melaka
|
| 999 |
|
|
|a 0000705846
|b Buku
|c Rak Terbuka
|e Perbadanan Perpustakaan Awam Melaka
|
| 999 |
|
|
|a 0000705847
|b Buku
|c Rak Terbuka
|e Perbadanan Perpustakaan Awam Melaka
|
| 999 |
|
|
|a 0000705848
|b Buku
|c Rak Terbuka
|e Perpustakaan Cawangan Jasin
|
| 999 |
|
|
|a 0000705849
|b Buku
|c Rak Terbuka
|e Perpustakaan Cawangan Masjid Tanah
|
| 999 |
|
|
|a 0000705850
|b Buku
|c Rak Terbuka
|e Perpustakaan Cawangan Merlimau
|
| 999 |
|
|
|a 0000705851
|b Buku
|c Rak Terbuka
|e Perpustakaan Komuniti UTC Melaka
|
| 999 |
|
|
|a 0000705852
|b Buku
|c Rak Terbuka
|e Perbadanan Perpustakaan Awam Melaka
|
| 999 |
|
|
|a 0000705853
|b Buku
|c Rak Terbuka
|e Perbadanan Perpustakaan Awam Melaka
|
| 999 |
|
|
|a 0000705854
|b Buku
|c Rak Terbuka
|e Perbadanan Perpustakaan Awam Melaka
|
| 999 |
|
|
|a 0000705855
|b Buku
|c Rak Terbuka
|e Perbadanan Perpustakaan Awam Melaka
|